Draft Plan for Accounting Document Flow

Na minha lista:
Detalhes bibliográficos
Autor principal: Nižníková, Zuzana, 1986-
Formato: Capítulo de Livro
Idioma:inglês
Assuntos:
Tags: Adicionar Tag
Sem tags, seja o primeiro a adicionar uma tag!

MARC

LEADER 00000nla a2200000 4500
001 0227421
005 20240502073740.6
041 0 |a eng 
044 |a SK 
245 1 0 |a Draft Plan for Accounting Document Flow  |c Zuzana Nižníková 
500 |a Abstrakt 
610 2 0 |a riadenie finančné 
610 2 0 |a cash flow 
610 2 0 |a štruktúra organizačná 
610 2 0 |a informácie 
610 2 0 |a predpisy 
610 2 0 |a plánovanie 
610 2 0 |a dokumentácia účtovná 
100 1 |a Nižníková, Zuzana, 1986-